000 00325nam a2200133Ia 4500
100 _aPrabhudev K.H.
942 _cBK
654 _aheat treatment of steels
245 _aHand book of heat treatment of steels
260 _bTata Mc Graw hill
_aNew Delhi
_c1988
082 _a671.36
_bPAN
546 _aENGLISH
999 _c27357
_d27357